header

The physics of the standard model and beyond (Record no. 14325)

MARC details
000 -LEADER
fixed length control field 01383nam a2200361Ia 4500
100 1# - MAIN ENTRY--AUTHOR NAME
Personal name Morii, T.
245 14 - TITLE STATEMENT
Title The physics of the standard model and beyond
260 ## - PUBLICATION, DISTRIBUTION, ETC. (IMPRINT)
Place of publication Singapore ;
-- River Edge, N.J. :
Name of publisher World Scientific,
Year of publication 2004.
300 ## - PHYSICAL DESCRIPTION
Number of Pages xiv, 298 p. :
Other physical details ill.
650 #0 - SUBJECT ADDED ENTRY--TOPICAL TERM
Topical Term Standard model (Nuclear physics)
Topical Term Nuclear structure.
Topical Term Electroweak interactions.
Topical Term Neutrinos
Topical Term Supersymmetry.
Topical Term Particles (Nuclear physics)
700 1# - ADDED ENTRY--PERSONAL NAME
Personal name Lim, C. S.
Personal name Mukherjee, S. N.
856 40 - ELECTRONIC LOCATION AND ACCESS
Uniform Resource Identifier http://site.ebrary.com/lib/rucke/Doc?id=10255894

No items available.

© 2026 Rongo University
Contact us: librarian | system librarian | Rongo university